LEADER 01284nam a2200289 i 4500 001 000000223210 003 CaOOAMICUS 005 20131007000000.0 008 131007s2009 it u000 u ita u 013 $a202107 020 $a978-88-215-6658-5 040 $aSeMil$bita 100 1 $aCaldirola, Davide,$d<1963- >.$0(OLS)http://semarc/name/43026 245 10$aConfessioni di un prete :$ba uomini e donne, credenti e non, in tempi difficili /$cDavide Caldirola. 260 $aCinisello Balsamo :$bSan Paolo,$c2009. 300 $a155 p. ;$c21 cm. 500 $aFondo card. C. M. Martini. 650 4$aPresbiteri - Ministero - Spiritualità.$0(OLS)http://semarc/subject/4818 650 4$aSacerdoti - Spiritualità.$0(OLS)http://semarc/subject/9029 650 4$aMinistero pastorale.$0(OLS)http://semarc/subject/4473 850 $aSeMil 852 $aSeMil$W1$xVenegono$y1$m3G II 461$j173556$B173556$CSeMilBibl$Z2$F186539 $81 941 1 $a4 961 $aLascito: Martini Card. Carlo Maria 996 $6020$a978-88-215-6658-5$9(OLS)http://semarc/number/223060 996 $6245$aConfessioni di un prete :$ba uomini e donne, credenti e non, in tempi difficili$9(OLS)http://semarc/title/320104 996 $6260$aCinisello Balsamo :$bSan Paolo$9(OLS)http://semarc/publisher/30129 LEADER 01177nam a2200277 i 4500 001 000000241346 003 CaOOAMICUS 005 20150429000000.0 008 150429s2014 it u000 u ita u 013 $a220251 020 $a978-88-311-0183-7 040 $aSeMil$bita 100 1 $aFerrara, Pasquale,$d<1958- >.$0(OLS)http://semarc/name/81724 245 10$aReligioni e relazioni internazionali :$batlante teopolitico /$cPasquale Ferrara. 260 $aRoma :$bCittà Nuova,$c2014. 300 $a177 p. ;$c20 cm. 490 0 $aIdee. Politica ;$v9 650 4$aRelazioni internazionali.$0(OLS)http://semarc/subject/20227 650 4$aPluralismo religioso.$0(OLS)http://semarc/subject/9837 830 0$aIdee. Politica ;$v9.$0(OLS)http://semarc/title/23334 850 $aSeMil 852 $aSeMil$W1$xVenegono$y1$m3N II 632$j191692$B191692$CSeMilBibl$Z2$F202521 $81 961 $aAcquisto: Città Nuova (Agente) 996 $6020$a978-88-311-0183-7$9(OLS)http://semarc/number/248003 996 $6245$aReligioni e relazioni internazionali :$batlante teopolitico$9(OLS)http://semarc/title/343043 996 $6260$aRoma :$bCittà Nuova$9(OLS)http://semarc/publisher/29609